El régimen de la acción civil de extinción de dominio (Registro nro. 33800)

Detalles MARC
000 -LEADER
fixed length control field 00338 a2200109 4500
001 - CONTROL NUMBER
control field ART_52654
005 - DATE AND TIME OF LATEST TRANSACTION
control field 20260410162029.0
008 - FIXED-LENGTH DATA ELEMENTS--GENERAL INFORMATION
fixed length control field 260409a
100 1# - MAIN ENTRY--PERSONAL NAME
Personal name Humphreys, Ethel
245 10 - TITLE STATEMENT
Title El régimen de la acción civil de extinción de dominio
773 0# - HOST ITEM ENTRY
Title Temas de derecho procesal
Related parts - N° 6 (jun. 2021)
Record control number REV44095

No hay ítems disponibles.